[Event "4th Al Ain Chess Classic"]
[Site "Al-Ain UAE"]
[Date "2015.12.29"]
[Round "8.50"]
[White "Algildah, Khalid"]
[Black "Ashwath, R."]
[Result "0-1"]
[WhiteTitle "FM"]
[WhiteElo "2086"]
[BlackElo "2252"]
[WhiteFideId "7600828"]
[BlackFideId "5021049"]
[EventDate "2015.12.23"]

1. e4 g6 2. d4 Bg7 3. Nc3 c6 4. f4 d5 5. e5 h5 6. Nf3 Nh6 7. Be3 Bg4 8. Be2 e6
9. Qd2 Nf5 10. Bf2 Bf8 11. Ng1 Bxe2 12. Ncxe2 Be7 13. Nf3 Qc7 14. O-O Kf8 15. b3
Kg7 16. c4 Rd8 17. c5 b6 18. b4 a5 19. a3 Nd7 20. Ng3 Nh6 21. f5 exf5 22. Nxh5+
gxh5 23. Bh4 f6 24. Rae1 bxc5 25. bxc5 Rg8 26. exf6+ Nxf6 27. Re6 Nf7 28. Rfe1
Ne4 29. R1xe4 fxe4 30. Rxe7 Qxe7 31. Bxe7 exf3 32. Qf4 Nh6 33. Bg5 Ng4 34. gxf3
Raf8 35. Qc7+ Rf7 36. Qxc6 Rxf3 37. Qb7+ Kg6 38. h4 Rgf8 39. Qc6+ Kg7 40. Bh6+
Nxh6 41. Qxd5 Rg3+ 42. Kh2 Rg6 43. Qb7+ Rf7 44. Qb2 Rf2+ 45. Qxf2 Ng4+ 46. Kg3
Nxf2+ 47. Kxf2 Kf6 48. Ke3 Ke6 49. Kd3 Kd5 0-1

[Event "4th Al Ain Chess Classic"]
[Site "Al-Ain UAE"]
[Date "2015.12.29"]
[Round "8.51"]
[White "Mammadov, Gulam"]
[Black "Yogit, S"]
[Result "1/2-1/2"]
[WhiteElo "2086"]
[BlackElo "2239"]
[WhiteFideId "13404040"]
[BlackFideId "5009332"]
[EventDate "2015.12.23"]

1. Nf3 Nf6 2. g3 d5 3. Bg2 Bg4 4. h3 Bh5 5. O-O Nbd7 6. d3 e5 7. c4 c6 8. cxd5
Nxd5 9. Nc3 Nxc3 10. bxc3 Be7 11. Rb1 Rb8 12. Be3 Qa5 13. d4 Bg6 14. Rb2 Qxc3
15. Qa1 O-O 16. dxe5 Ba3 17. Rb3 Qxa1 18. Rxa1 Bc5 19. Bf4 Nb6 20. Rc1 Be7 21.
e6 Rbc8 22. Ne5 fxe6 23. Nxg6 hxg6 24. a4 g5 25. Be3 Rc7 26. Rcb1 Rf5 27. Bxb6
axb6 28. Rxb6 Bc5 29. Rxb7 Rxb7 30. Rxb7 Rxf2 31. Bxc6 Rxe2+ 32. Kh1 Re1+ 33.
Kg2 Re2+ 34. Kf3 Re3+ 1/2-1/2

[Event "4th Al Ain Chess Classic"]
[Site "Al-Ain UAE"]
[Date "2015.12.29"]
[Round "8.52"]
[White "Parnali, S Dharia"]
[Black "Saiid, Samir"]
[Result "1-0"]
[WhiteTitle "WIM"]
[WhiteElo "2002"]
[BlackElo "2200"]
[WhiteFideId "5043131"]
[BlackFideId "10601546"]
[EventDate "2015.12.23"]

1. d4 Nf6 2. c4 g6 3. g3 Bg7 4. Bg2 d6 5. Nc3 Nc6 6. Nf3 O-O 7. d5 Na5 8. Qd3 b6
9. O-O Nb7 10. Nd4 Nc5 11. Qc2 a5 12. b3 Bd7 13. Bb2 Qc8 14. Rfd1 a4 15. b4 a3
16. Bc1 Nb7 17. Qb3 Bh3 18. Bh1 Nd7 19. Bxa3 Ne5 20. Bb2 Qg4 21. f4 h5 22. Ne4
Nd7 23. Nf2 Ndc5 24. bxc5 Nxc5 25. Nxg4 Nxb3 26. axb3 1-0

[Event "4th Al Ain Chess Classic"]
[Site "Al-Ain UAE"]
[Date "2015.12.29"]
[Round "8.53"]
[White "Parvanyan, Ashot"]
[Black "Rahul Srivatshav P"]
[Result "1/2-1/2"]
[WhiteElo "2197"]
[BlackElo "2086"]
[WhiteFideId "13307550"]
[BlackFideId "25059653"]
[EventDate "2015.12.23"]

1. e4 c5 2. Nf3 e6 3. Nc3 Nc6 4. Bb5 Nge7 5. O-O Nd4 6. Nxd4 cxd4 7. Ne2 a6 8.
Ba4 Nc6 9. d3 Bc5 10. c3 b5 11. Bc2 O-O 12. b4 Bb6 13. Bb2 dxc3 14. Bxc3 d5 15.
d4 dxe4 16. Bxe4 Bb7 17. Nf4 Qc7 18. Nh5 f5 19. d5 Ne5 20. d6 Qxc3 21. Bxb7 Ra7
22. Rc1 Qxb4 23. Bc8 g6 24. Bxe6+ Kh8 25. Qd5 Qe4 26. Qxe4 fxe4 27. Ng3 Rf6 28.
Rc8+ Kg7 29. Re8 e3 30. fxe3 Bxe3+ 31. Kh1 Rxf1+ 32. Nxf1 Bc5 33. Rd8 Nf7 34.
Bxf7 Rxf7 35. Ng3 Rf6 36. d7 Rd6 37. h4 Rd4 38. Ne4 Bb6 39. Re8 Rxd7 40. Re6 Bc7
41. g3 a5 42. Kg2 Bd8 43. Ra6 b4 44. Ra8 Kf7 45. Kf3 Rd3+ 46. Ke2 Rd5 47. Ra7+
Ke6 48. Rxh7 Ke5 49. Nd2 Kd4 50. Nb1 Bb6 51. Rf7 Kc4 52. Rf4+ Bd4 53. Rf3 Re5+
54. Kd1 Kb5 55. Rd3 Bf2 56. Nd2 a4 57. Rd8 Bxg3 58. Rb8+ Kc5 59. Rc8+ Kd5 60.
Rg8 Re1+ 61. Kc2 Ra1 62. Rxg6 Be5 63. Rb6 Rxa2+ 64. Kd3 Ra3+ 65. Ke2 Bc3 66. Nb1
Kc4 67. Rc6+ Kb3 68. Kd3 Ra1 69. Nxc3 1/2-1/2

[Event "4th Al Ain Chess Classic"]
[Site "Al-Ain UAE"]
[Date "2015.12.29"]
[Round "8.54"]
[White "Ali, Abdulaziz"]
[Black "Pujari, Rucha"]
[Result "0-1"]
[BlackTitle "WFM"]
[WhiteElo "1855"]
[BlackElo "2158"]
[WhiteFideId "9304347"]
[BlackFideId "5024528"]
[EventDate "2015.12.23"]

1. e4 e5 2. Nf3 Nc6 3. Bb5 a6 4. Ba4 Nf6 5. O-O Be7 6. d4 exd4 7. Nxd4 O-O 8.
Nf5 d6 9. Bxc6 bxc6 10. Nxe7+ Qxe7 11. f3 d5 12. exd5 Nxd5 13. Kh1 Bf5 14. Na3
Qf6 15. c3 Rad8 16. Qa4 Rfe8 17. Nc2 c5 18. Ne1 h6 19. Qc4 Qe7 20. g4 Nb6 21.
Qf4 Qe2 22. Rg1 Bc8 23. Ng2 Bb7 24. g5 Bxf3 25. gxh6 Qxg2+ 0-1

[Event "4th Al Ain Chess Classic"]
[Site "Al-Ain UAE"]
[Date "2015.12.29"]
[Round "8.55"]
[White "Ashid, Tsetsegulzii"]
[Black "Safranska, Anda"]
[Result "1-0"]
[BlackTitle "WGM"]
[WhiteElo "1869"]
[BlackElo "2259"]
[WhiteFideId "4902904"]
[BlackFideId "11600209"]
[EventDate "2015.12.23"]

1. e4 Nf6 2. e5 Nd5 3. d4 d6 4. Nf3 dxe5 5. Nxe5 c6 6. Bd3 Nd7 7. c3 Nxe5 8.
dxe5 Qc7 9. Qe2 g6 10. O-O Bg7 11. Re1 O-O 12. a3 Be6 13. c4 Nb6 14. Nc3 Rad8
15. c5 Nd7 16. Bf4 Nxc5 17. Bc2 Nb3 18. Bxb3 Bxb3 19. Rac1 Qd7 20. Qe3 b6 21.
Ne4 Bd5 22. Rcd1 Qf5 23. Ng3 Qc8 24. Bh6 c5 25. Bxg7 Kxg7 26. Qg5 Qb7 27. Nf5+
Kh8 28. Nxe7 f6 29. exf6 Bf7 30. Qh6 1-0

[Event "4th Al Ain Chess Classic"]
[Site "Al-Ain UAE"]
[Date "2015.12.29"]
[Round "8.56"]
[White "Ismael, Namir Mohammed Ismael"]
[Black "Ammar, Sedrani"]
[Result "1-0"]
[WhiteTitle "CM"]
[BlackTitle "FM"]
[WhiteElo "2254"]
[BlackElo "1573"]
[WhiteFideId "4800800"]
[BlackFideId "9312331"]
[EventDate "2015.12.23"]

1. d4 Nf6 2. c4 e6 3. Nf3 c5 4. Nc3 b6 5. d5 Bb7 6. e4 exd5 7. e5 Ng8 8. cxd5 d6
9. Bb5+ Nd7 10. e6 Nf6 11. O-O Be7 12. exd7+ Nxd7 13. Qa4 Bc8 14. Bc6 Rb8 15.
Qxa7 O-O 16. Bf4 Bb7 17. Rfe1 Bc8 18. Nb5 h6 19. Nxd6 1-0

[Event "4th Al Ain Chess Classic"]
[Site "Al-Ain UAE"]
[Date "2015.12.29"]
[Round "8.57"]
[White "Wafa, Shrook"]
[Black "Tarini Goyal"]
[Result "1-0"]
[WhiteTitle "WGM"]
[BlackTitle "WFM"]
[WhiteElo "2115"]
[BlackElo "1826"]
[WhiteFideId "10609970"]
[BlackFideId "5082749"]
[EventDate "2015.12.23"]

1. e4 c5 2. Nc3 Nc6 3. g3 g6 4. Bg2 Bg7 5. d3 d6 6. f4 e6 7. Nf3 Nge7 8. O-O O-O
9. Be3 Nd4 10. Qd2 Bd7 11. Nd1 b5 12. c3 Nxf3+ 13. Bxf3 Rb8 14. Nf2 b4 15. c4
Qb6 16. g4 f5 17. h4 Nc6 18. Kh2 fxg4 19. Nxg4 h5 20. Nf2 Qd8 21. Kg3 Qf6 22.
Rab1 e5 23. f5 gxf5 24. Bg5 f4+ 25. Kh2 Qf7 26. Qd1 Be8 27. Rg1 Kh8 28. Nh3 Nd4
29. Rg2 Rg8 30. b3 a5 31. Rbb2 Nxf3+ 32. Qxf3 Bd7 33. Nf2 Rge8 34. Rb1 a4 35.
Rbg1 axb3 36. axb3 Ra8 37. Bxf4 Qxf4+ 38. Qxf4 exf4 39. Rxg7 Ra2 40. Rxd7 Rxf2+
41. Rg2 Rxg2+ 42. Kxg2 Rg8+ 43. Kf3 Rg3+ 44. Kxf4 Rxd3 45. Kg5 Rxb3 46. Kxh5 Re3
47. Kg6 Rg3+ 48. Kf5 Rh3 49. Rxd6 Rxh4 50. Rd7 Rh7 51. Rd8+ Kg7 52. Ke5 Kg6 53.
Rg8+ Rg7 54. Rb8 Re7+ 55. Kd5 Kf6 56. Rb6+ Kf7 57. e5 Rc7 58. Kd6 Re7 59. Rb5
Re6+ 60. Kd5 Re7 61. Rxc5 Rb7 62. Kc6 Rb8 63. Kc7 Re8 64. Rb5 Ke6 65. Rxb4 Kxe5
66. c5 Re7+ 67. Kb6 Kd5 68. c6 Re1 69. c7 Rc1 70. Kb7 1-0

[Event "4th Al Ain Chess Classic"]
[Site "Al-Ain UAE"]
[Date "2015.12.29"]
[Round "8.58"]
[White "Soyunlu, Narmin"]
[Black "Abtini, Hasan"]
[Result "1-0"]
[WhiteElo "1919"]
[BlackElo "1992"]
[WhiteFideId "13400843"]
[BlackFideId "7601506"]
[EventDate "2015.12.23"]

1. c4 Nf6 2. g3 c5 3. Bg2 Nc6 4. Nc3 e6 5. Nf3 d5 6. cxd5 Nxd5 7. O-O Be7 8. d4
Nxc3 9. bxc3 O-O 10. e4 Qa5 11. Qb3 cxd4 12. cxd4 Rd8 13. Be3 b6 14. d5 Nb4 15.
Nd4 Bf6 16. Rad1 Ba6 17. Bd2 Qxa2 18. Qxb4 Bxd4 19. Qxd4 Bxf1 20. Rxf1 e5 21.
Ra1 Qc2 22. Qe3 a5 23. Rc1 Qa2 24. Bc3 Qa3 25. Bxe5 Qxe3 26. fxe3 Rd7 27. Bd4 b5
28. e5 b4 29. e6 Rdd8 30. e7 Rd6 31. Be5 Rd7 32. d6 Rb8 33. Bc6 1-0

[Event "4th Al Ain Chess Classic"]
[Site "Al-Ain UAE"]
[Date "2015.12.29"]
[Round "8.59"]
[White "Sameir, Ramez"]
[Black "Afshar, Niusha"]
[Result "1-0"]
[WhiteElo "2080"]
[BlackElo "1961"]
[WhiteFideId "10606017"]
[BlackFideId "12509892"]
[EventDate "2015.12.23"]

1. e4 c5 2. d4 cxd4 3. c3 e6 4. cxd4 Nf6 5. Nc3 Bb4 6. Bd3 Nc6 7. a3 Ba5 8. Nf3
d5 9. e5 Ne4 10. Qc2 f5 11. exf6 Nxf6 12. Bg5 Qe7 13. O-O Qf7 14. Ne5 Nxe5 15.
dxe5 Bxc3 16. bxc3 Qh5 17. f4 Ng4 18. h3 Ne3 19. Qa4+ Bd7 20. Qb4 Qf7 21. Rf3
Nc4 22. Bxc4 dxc4 23. Rd1 Bc6 24. Rf2 a5 25. Rfd2 Qc7 26. Qc5 Rc8 27. Rd7 1-0

[Event "4th Al Ain Chess Classic"]
[Site "Al-Ain UAE"]
[Date "2015.12.29"]
[Round "8.60"]
[White "Anisuzzaman, Jewel"]
[Black "Al Hosani, Omran"]
[Result "1/2-1/2"]
[BlackTitle "CM"]
[WhiteElo "2078"]
[BlackElo "1817"]
[WhiteFideId "10204695"]
[BlackFideId "9308733"]
[EventDate "2015.12.23"]

1. e4 c5 2. Nf3 e6 3. d4 cxd4 4. Nxd4 a6 5. Bd3 Bc5 6. Nb3 Be7 7. Qg4 Nf6 8.
Qxg7 Rg8 9. Qh6 Nc6 10. Nc3 Rxg2 11. Qh3 Rg8 12. Bd2 d6 13. O-O-O e5 14. Qf1 Be6
15. Bc4 Bxc4 16. Qxc4 Rc8 17. Qe2 b5 18. Nd5 Nxd5 19. exd5 Nb8 20. Kb1 Qc7 21.
Be3 Nd7 22. Rhg1 Rxg1 23. Rxg1 Nf6 24. Qd2 Qc4 25. Rd1 Ne4 26. Qc1 Nf6 27. Na5
Qc7 28. Nb3 Qc4 29. Na5 Qc7 30. Qd2 Ne4 31. Qd3 Nf6 32. Qf5 Qd7 33. Qd3 e4 34.
Qd4 Rc5 35. Qb4 Qg4 36. Rc1 Rxd5 37. Bd4 Nd7 38. Qc3 Bd8 39. Nb7 Ne5 40. Nxd6+
Rxd6 41. Bxe5 Rd1 42. b3 Rxc1+ 43. Kxc1 Qd7 44. Qg3 Qf5 45. Qc3 Qd7 46. Kb2 Qe6
47. Qd4 f6 48. Bf4 Bb6 49. Qd2 Qd7 50. Qe2 Qd4+ 51. Kb1 Qd5 52. Bg3 Bc5 53. Bf4
Kd8 54. c3 f5 55. Kc2 Kd7 56. Be3 Bd6 57. h3 h5 58. Bd4 h4 59. Qh5 1/2-1/2

[Event "4th Al Ain Chess Classic"]
[Site "Al-Ain UAE"]
[Date "2015.12.29"]
[Round "8.61"]
[White "Ahmad M Saleh Alzarouni"]
[Black "Musallam Salim Al Aamri"]
[Result "0-1"]
[WhiteElo "1668"]
[BlackElo "1888"]
[WhiteFideId "9302301"]
[BlackFideId "22000399"]
[EventDate "2015.12.23"]

1. d4 Nf6 2. c4 c5 3. d5 b5 4. a3 bxc4 5. Nc3 g6 6. e4 d6 7. Bxc4 Nbd7 8. f4 Nb6
9. Bd3 Bg7 10. Nf3 O-O 11. O-O e6 12. dxe6 Bxe6 13. Qe1 Bc4 14. Bxc4 Nxc4 15. e5
dxe5 16. fxe5 Ng4 17. e6 Qd6 18. Qe4 Qxe6 19. Re1 Rae8 20. Qxe6 fxe6 21. Re4
Nge5 22. Nxe5 Nxe5 23. Be3 Nd3 24. Rb1 Rd8 25. Na4 Bd4 26. Rxe6 Kf7 27. Re4 Rfe8
28. Rxe8 Kxe8 29. Bxd4 Rxd4 30. Nc3 a6 31. Kf1 c4 32. Ke2 Rf4 33. Ke3 Rf2 34.
Kd4 Rxg2 35. Kxc4 Nxb2+ 36. Kb4 Rxh2 37. Re1+ 0-1

[Event "4th Al Ain Chess Classic"]
[Site "Al-Ain UAE"]
[Date "2015.12.30"]
[Round "9.2"]
[White "Oleksiyenko, Mykhaylo"]
[Black "Pashikian, Arman"]
[Result "1/2-1/2"]
[WhiteTitle "GM"]
[BlackTitle "GM"]
[WhiteElo "2616"]
[BlackElo "2606"]
[WhiteFideId "4152417"]
[BlackFideId "13301578"]
[EventDate "2015.12.23"]

1. e4 e5 2. Nf3 Nc6 3. Bb5 Nf6 4. d3 Bc5 5. Bxc6 dxc6 6. Nbd2 O-O 7. Nc4 Nd7 8.
Be3 Bd6 9. O-O c5 10. a3 Re8 11. b4 f6 12. c3 Bf8 13. Nh4 Qe7 14. Nf5 Qf7 15. f4
Nb6 16. Nxb6 axb6 17. Ng3 exf4 18. Bxf4 Be6 19. Qf3 Rad8 20. h3 Qd7 21. Rfd1 Ra8
22. d4 cxd4 23. cxd4 Bxb4 24. Bxc7 Qxc7 25. axb4 Rxa1 26. Rxa1 Qc4 27. Qf2 Qxb4
28. Ra7 Bc8 29. Kh1 b5 30. Ra8 Bd7 31. Ra7 Bc8 32. Ra8 Qf8 33. Qf4 Qe7 34. Nf5
Bxf5 35. Rxe8+ Qxe8 36. Qxf5 Qc6 37. d5 Qc1+ 38. Kh2 Qc7+ 39. Kh1 Qc1+ 40. Kh2
Qc7+ 41. Kh1 Kf8 42. Qe6 Qe7 43. Qc8+ Kf7 44. e5 fxe5 1/2-1/2

[Event "4th Al Ain Chess Classic"]
[Site "Al-Ain UAE"]
[Date "2015.12.30"]
[Round "9.4"]
[White "Areshchenko, Alexander"]
[Black "Gupta, Abhijeet"]
[Result "1-0"]
[WhiteTitle "GM"]
[BlackTitle "GM"]
[WhiteElo "2677"]
[BlackElo "2613"]
[WhiteFideId "14109530"]
[BlackFideId "5010608"]
[EventDate "2015.12.23"]

1. e4 e5 2. Nf3 Nc6 3. Bb5 Nf6 4. O-O Nxe4 5. Re1 Nd6 6. Nxe5 Be7 7. Bf1 Nxe5 8.
Rxe5 O-O 9. Nc3 Bf6 10. Re1 Re8 11. Nd5 Rxe1 12. Nxf6+ Qxf6 13. Qxe1 b6 14. f3
Bb7 15. c3 Re8 16. Qf2 Nf5 17. d4 h6 18. Bd2 Nh4 19. Re1 Rxe1 20. Bxe1 g5 21.
Qe3 Kf8 22. Bf2 Qe7 23. Qd3 Ng6 24. c4 Qb4 25. Qc2 Qe7 26. d5 Kg8 27. Qf5 c6 28.
c5 bxc5 29. dxc6 Bxc6 30. Qxc5 Qxc5 31. Bxc5 a5 32. Kf2 f6 33. b3 Kf7 34. Ke3
Ke6 35. Bc4+ d5 36. Ba6 Kd7 37. Bd3 Ne5 38. Bf5+ Kc7 39. Bf8 h5 40. Be7 Nd7 41.
Kd4 Bb5 42. Kxd5 Bf1 43. g3 Bg2 44. Ke6 Bxf3 45. Bxf6 Nc5+ 46. Kf7 Ne4 47. Kg6
Kb6 48. Bxg5 Nc3 49. Bd8+ Kb5 50. Bd3+ Kc5 51. Bxa5 Kd4 52. Bf5 Nxa2 53. Bd2 Bd1
54. Kg5 Kd5 1-0

[Event "4th Al Ain Chess Classic"]
[Site "Al-Ain UAE"]
[Date "2015.12.30"]
[Round "9.5"]
[White "Onischuk, Vladimir"]
[Black "Motylev, Alexander"]
[Result "1/2-1/2"]
[WhiteTitle "GM"]
[BlackTitle "GM"]
[WhiteElo "2612"]
[BlackElo "2653"]
[WhiteFideId "14114038"]
[BlackFideId "4121830"]
[EventDate "2015.12.23"]

1. e4 c6 2. d4 d5 3. e5 c5 4. dxc5 Nc6 5. Nf3 Bg4 6. Bb5 e6 7. b4 a5 8. c3 g6 9.
Qa4 Qc7 10. Nd4 Ne7 11. Bf4 f6 12. Bd3 Qb8 13. b5 Nxe5 14. O-O Kf7 15. c6 bxc6
16. bxc6 Qb6 17. Bb5 Bf5 18. Nd2 Bg7 19. h3 Rhc8 20. Be3 Qc7 21. Bf4 Qb6 22. Be3
Qc7 23. f4 N5xc6 24. Nxc6 Nxc6 25. g4 Be4 26. Nxe4 dxe4 27. Qxe4 f5 28. gxf5
gxf5 29. Qf3 Ne7 30. Rad1 Rd8 31. c4 Rxd1 32. Rxd1 Rd8 33. Kf2 Bf6 34. a4 Bh4+
35. Kf1 Bf6 36. Rxd8 Qxd8 37. Ke2 Bc3 38. Qb7 Qd6 39. Qa8 Qa3 40. Qe8+ Kg7 41.
c5 Qa2+ 42. Kf3 Qd5+ 43. Kf2 Bf6 44. Qd7 Qh1 45. Ke2 Qg2+ 46. Kd1 Qxh3 47. Qxe6
Qf3+ 48. Kc2 Nd5 49. Bd2 Nb4+ 50. Bxb4 axb4 51. Qd7+ Kh6 52. Qd3 1/2-1/2

[Event "4th Al Ain Chess Classic"]
[Site "Al-Ain UAE"]
[Date "2015.12.30"]
[Round "9.6"]
[White "Adly, Ahmed"]
[Black "Efimenko, Zahar"]
[Result "0-1"]
[WhiteTitle "GM"]
[BlackTitle "GM"]
[WhiteElo "2598"]
[BlackElo "2647"]
[WhiteFideId "10601619"]
[BlackFideId "14107201"]
[EventDate "2015.12.23"]

1. Nf3 c5 2. g3 g6 3. Bg2 Bg7 4. O-O Nc6 5. c4 e5 6. Nc3 Nge7 7. a3 a5 8. Ne1 d6
9. Nc2 Be6 10. d3 d5 11. cxd5 Nxd5 12. Ne4 b6 13. Ng5 Bc8 14. Ne3 Nde7 15. f4 h6
16. f5 gxf5 17. Qa4 hxg5 18. Bxc6+ Nxc6 19. Qxc6+ Bd7 20. Qd5 f4 21. Nc4 Bh3 22.
Qxd8+ Rxd8 23. Re1 Rh6 24. a4 Re6 25. Ra3 e4 26. dxe4 Rxe4 27. gxf4 Be6 28. Nd2
Rxf4 29. Nf3 Rc4 30. Nxg5 Rxc1 31. Rxc1 Bxb2 32. Rca1 Bxa1 33. Rxa1 Bb3 34. Rb1
Rd1+ 35. Rxd1 Bxd1 36. Ne4 Bxa4 37. Nd6+ Kd7 38. Nxf7 Bb3 39. Ne5+ Kd6 40. Nd3
a4 41. Nc1 Bg8 42. h4 a3 43. h5 a2 0-1

[Event "4th Al Ain Chess Classic"]
[Site "Al-Ain UAE"]
[Date "2015.12.30"]
[Round "9.7"]
[White "Pantsulaia, Levan"]
[Black "Kuzubov, Yuriy"]
[Result "1-0"]
[WhiteTitle "GM"]
[BlackTitle "GM"]
[WhiteElo "2598"]
[BlackElo "2640"]
[WhiteFideId "13602071"]
[BlackFideId "14112906"]
[EventDate "2015.12.23"]

1. Nf3 f5 2. g3 Nf6 3. Bg2 g6 4. O-O Bg7 5. c4 O-O 6. Nc3 d6 7. d4 c6 8. b3 Qc7
9. Ba3 Ne4 10. Qd3 Nxc3 11. Qxc3 Nd7 12. Rfe1 Nf6 13. Nd2 c5 14. dxc5 Ne4 15.
Qe3 Nxc5 16. Rad1 Rb8 17. b4 Na6 18. Nb3 b6 19. Nd4 Qxc4 20. Nc6 Be6 21. Rd2 Kf7
22. Rc1 Qb5 23. Nxb8 Nxb8 24. Rc7 Rc8 25. Bd5 1-0

[Event "4th Al Ain Chess Classic"]
[Site "Al-Ain UAE"]
[Date "2015.12.30"]
[Round "9.8"]
[White "Azarov, Sergei"]
[Black "Rakhmanov, Aleksandr"]
[Result "1/2-1/2"]
[WhiteTitle "GM"]
[BlackTitle "GM"]
[WhiteElo "2595"]
[BlackElo "2640"]
[WhiteFideId "13501470"]
[BlackFideId "4173708"]
[EventDate "2015.12.23"]

1. e4 c5 2. Nf3 Nf6 3. e5 Nd5 4. Nc3 Nxc3 5. dxc3 Nc6 6. Bf4 Qb6 7. Rb1 Qc7 8.
Bd3 e6 9. Bg3 b6 10. O-O Bb7 11. Qe2 d5 12. c4 Nb4 13. cxd5 Bxd5 14. Bb5+ Bc6
15. Bh4 Be7 16. Bxe7 Kxe7 17. Bxc6 Nxc6 18. Qe4 h6 19. Rbd1 Rhd8 20. Rde1 Rh8
21. Rd1 Rad8 22. h4 Rd7 23. Rfe1 Rxd1 24. Rxd1 Rd8 25. Rxd8 Kxd8 26. c3 Ke8 1/2-1/2

[Event "4th Al Ain Chess Classic"]
[Site "Al-Ain UAE"]
[Date "2015.12.30"]
[Round "9.9"]
[White "Andriasian, Zaven"]
[Black "Mchedlishvili, Mikheil"]
[Result "1/2-1/2"]
[WhiteTitle "GM"]
[BlackTitle "GM"]
[WhiteElo "2594"]
[BlackElo "2635"]
[WhiteFideId "13302000"]
[BlackFideId "13600966"]
[EventDate "2015.12.23"]

1. e4 c6 2. d4 d5 3. Nc3 dxe4 4. Nxe4 Bf5 5. Ng3 Bg6 6. h4 h6 7. Nf3 Nd7 8. h5
Bh7 9. Bd3 Bxd3 10. Qxd3 e6 11. Bd2 Ngf6 12. O-O-O Be7 13. Kb1 O-O 14. Ne4 Nxe4
15. Qxe4 Nf6 16. Qe2 Qd5 17. c4 Qe4+ 18. Qxe4 Nxe4 19. Be3 Rfd8 20. Nd2 Nxd2+
21. Rxd2 Rd7 22. Rhd1 Rad8 23. g4 Bb4 24. Rd3 Bd6 25. Kc2 Bc7 26. f3 1/2-1/2

[Event "4th Al Ain Chess Classic"]
[Site "Al-Ain UAE"]
[Date "2015.12.30"]
[Round "9.10"]
[White "Hovhannisyan, Robert"]
[Black "Volkov, Sergey"]
[Result "1-0"]
[WhiteTitle "GM"]
[BlackTitle "GM"]
[WhiteElo "2624"]
[BlackElo "2612"]
[WhiteFideId "13302507"]
[BlackFideId "4122763"]
[EventDate "2015.12.23"]

1. e4 e6 2. d4 d5 3. Nc3 Nf6 4. Bg5 Bb4 5. e5 h6 6. Bc1 Ne4 7. Qg4 g6 8. a3 Ba5
9. Ne2 c5 10. dxc5 Nc6 11. b4 Nxe5 12. Qh3 Bc7 13. Nxe4 dxe4 14. Nc3 a5 15. Bb2
axb4 16. Bb5+ Bd7 17. axb4 Rxa1+ 18. Bxa1 f5 19. O-O Rh7 20. Be2 Kf8 21. Nb5
Bxb5 22. Bxb5 Ng4 23. Be2 Nxh2 24. Rd1 Qg5 25. Qa3 e3 26. Qa8+ Ke7 27. Rd7+ Kxd7
28. Bb5+ 1-0

[Event "4th Al Ain Chess Classic"]
[Site "Al-Ain UAE"]
[Date "2015.12.30"]
[Round "9.11"]
[White "Kravtsiv, Martyn"]
[Black "Iordachescu, Viorel"]
[Result "1-0"]
[WhiteTitle "GM"]
[BlackTitle "GM"]
[WhiteElo "2623"]
[BlackElo "2600"]
[WhiteFideId "14113147"]
[BlackFideId "13900200"]
[EventDate "2015.12.23"]

1. e4 g6 2. d4 Bg7 3. Nc3 c6 4. f4 d5 5. e5 Nh6 6. Nf3 f6 7. Bd3 O-O 8. h3 Nf5
9. Bxf5 Bxf5 10. Qe2 Na6 11. g4 Bc8 12. Be3 b5 13. Qg2 Qb6 14. O-O-O b4 15. Na4
Qa5 16. b3 c5 17. dxc5 Bd7 18. exf6 exf6 19. Ne5 Bxa4 20. Qxd5+ Kh8 21. Nc4 Bxb3
22. Nxa5 Bxd5 23. Rxd5 Nc7 24. Rd7 Nb5 25. Bd2 f5 26. Re1 Nc3 27. Ree7 Nxa2+ 28.
Kb1 Nc3+ 29. Bxc3 Bxc3 30. Nc6 fxg4 31. Ne5 Bxe5 32. fxe5 Rfe8 33. Rxh7+ Kg8 34.
Rdg7+ Kf8 35. Rxg6 Rxe5 36. Rxg4 Rd8 37. c6 b3 38. Rh8+ Ke7 39. Rg7+ Kf6 40.
Rxd8 bxc2+ 41. Kc1 1-0

[Event "4th Al Ain Chess Classic"]
[Site "Al-Ain UAE"]
[Date "2015.12.30"]
[Round "9.12"]
[White "Gabuzyan, Hovhannes"]
[Black "Kulaots, Kaido"]
[Result "0-1"]
[WhiteTitle "GM"]
[BlackTitle "GM"]
[WhiteElo "2585"]
[BlackElo "2574"]
[WhiteFideId "13303732"]
[BlackFideId "4500261"]
[EventDate "2015.12.23"]

1. c4 e5 2. g3 c6 3. Nf3 e4 4. Nd4 Nf6 5. Bg2 d5 6. cxd5 Qxd5 7. Nc2 Qh5 8. h3
Na6 9. Nc3 Qg6 10. b3 Bd6 11. Bb2 O-O 12. Ne3 Re8 13. a3 Bd7 14. Qc2 Rad8 15. b4
b5 16. Ncd1 c5 17. Bxf6 Qxf6 18. Nc3 cxb4 19. axb4 Nxb4 20. Qb1 Bc6 21. O-O Qe5
22. Rc1 a6 23. Na2 Nxa2 24. Rxc6 Nb4 25. Rc1 Bf8 26. Rd1 Bc5 27. Nc2 Nxc2 28.
Qxc2 Rd6 29. e3 Bb4 30. Rac1 g6 31. d4 exd3 32. Rxd3 Rxd3 33. Qxd3 Be7 34. Bd5
Rd8 35. e4 Kg7 36. f4 Qd6 37. Qb3 Qb6+ 38. Kg2 b4 39. h4 a5 40. h5 Qd4 41. Rc7
a4 42. Qxa4 Rxd5 43. h6+ Kxh6 44. exd5 Qxd5+ 45. Kh2 Qh5+ 46. Kg2 Qe2+ 47. Kh3
Qf1+ 48. Kh2 Bc5 49. Rxc5 Qf2+ 50. Kh3 Qxc5 51. Qa1 Qc3 52. Qa5 Kg7 53. f5 Qd4
54. Qb5 Qe4 55. g4 Qe3+ 56. Kg2 b3 57. Qb4 Qe2+ 58. Kg3 Qe5+ 59. Kh3 b2 60. Qb6
gxf5 61. g5 Qc3+ 62. Kh4 Qc4+ 63. Kh3 Qd3+ 64. Kh4 b1=Q 65. Qf6+ Kg8 66. Qg6+
Kf8 67. Qh6+ Ke8 68. Qc6+ Qd7 69. Qa8+ Qd8 70. Qc6+ Kf8 71. Kh5 Qdd1+ 0-1

[Event "4th Al Ain Chess Classic"]
[Site "Al-Ain UAE"]
[Date "2015.12.30"]
[Round "9.13"]
[White "Amin, Bassem"]
[Black "Arencibia Rodriguez, Walter"]
[Result "1/2-1/2"]
[WhiteTitle "GM"]
[BlackTitle "GM"]
[WhiteElo "2665"]
[BlackElo "2501"]
[WhiteFideId "10601457"]
[BlackFideId "3500012"]
[EventDate "2015.12.23"]

1. e4 e5 2. Nf3 Nc6 3. Bc4 Nf6 4. d3 h6 5. O-O d6 6. c3 g6 7. d4 Qe7 8. Re1 Bg7
9. Nbd2 O-O 10. h3 Bd7 11. Nf1 Rae8 12. Ng3 Qd8 13. Bd3 Nh7 14. Be3 exd4 15.
cxd4 Ng5 16. Nxg5 hxg5 17. Be2 Qf6 18. d5 Nd4 19. Bg4 Bxg4 20. hxg4 c5 21. Qd2
Bh6 22. Rac1 Re7 23. b4 b6 24. Red1 Qh8 25. f3 Bg7 26. Bxg5 Re5 27. Bf4 f5 28.
gxf5 Qh4 29. Kf2 Rfxf5 30. bxc5 bxc5 31. exf5 Re2+ 32. Qxe2 Nxe2 33. Kxe2 Qxf4
34. f6 Bxf6 35. Nf1 Bd4 36. Kd3 Qf5+ 37. Kc4 Qc8 38. Rd2 Qa6+ 39. Kb3 Qb5+ 40.
Kc2 Qc4+ 41. Kb1 Qxd5 42. Rcc2 Qb7+ 43. Kc1 Qa6 44. Re2 d5 45. Nh2 Qa3+ 46. Kd2
Qb4+ 47. Kc1 Bf6 48. g3 Qa3+ 49. Kd1 d4 50. Rb2 d3 51. Rb8+ Kg7 52. Rb7+ Kh6 53.
Ng4+ Kg5 54. Re4 Qxa2 55. Rd7 Qb1+ 56. Kd2 Bc3+ 57. Ke3 Bd4+ 58. Rdxd4 cxd4+ 59.
Kxd4 Kh5 60. Re5+ g5 61. Re6 Qb4+ 62. Ke5 Qc5+ 63. Ke4 Qc4+ 64. Ke5 Qc5+ 65. Ke4 1/2-1/2